Partnership, collaborative planning and urban regeneration (Record no. 100783)

MARC details
000 -LEADER
fixed length control field 01130cam a2200217 4500
001 - CONTROL NUMBER
control field L108396
008 - FIXED-LENGTH DATA ELEMENTS--GENERAL INFORMATION
fixed length control field 000000s2007 001 0 eng u
020 ## - INTERNATIONAL STANDARD BOOK NUMBER
International Standard Book Number 0754613755
035 ## - SYSTEM CONTROL NUMBER
System control number (Sirsi) u108396
050 04 - LIBRARY OF CONGRESS CALL NUMBER
Classification number 711.52 $2 18
100 ## - MAIN ENTRY--PERSONAL NAME
Personal name McCarthy, John
245 ## - TITLE STATEMENT
Title Partnership, collaborative planning and urban regeneration
260 ## - PUBLICATION, DISTRIBUTION, ETC.
Place of publication, distribution, etc. Aldershot
Name of publisher, distributor, etc. Ashgate
Date of publication, distribution, etc. 2007
300 ## - PHYSICAL DESCRIPTION
Extent vii, 154p.
Dimensions 24cm.
505 2# - FORMATTED CONTENTS NOTE
Formatted contents note Theoretical frameworks -- Urban regeneration policy in England -- Urban regeneration policy in Scotland -- The city and its region -- Property-led approaches -- Whitfield: a peripheral estate -- Holistic regeneration approaches
520 ## - SUMMARY, ETC.
Summary, etc. Discusses theories of urban regeneration, such as public-private partnerships, growth coalitions and local spatial alliances, in terms of their application to practice. Discusses urban problems and decline, local and global aspects, the property industry, holistic approaches to regeneration, and how cities cope with long term restructuring.
590 ## - LOCAL NOTE (RLIN)
Local note KA
651 #4 - SUBJECT ADDED ENTRY--GEOGRAPHIC NAME
Geographic name United Kingdom
Chronological subdivision
690 ## - LOCAL SUBJECT ADDED ENTRY--TOPICAL TERM (OCLC, RLIN)
Topical term or geographic name as entry element PROPERTY-PROPERTY MANAGEMENT-REGENERATION
942 ## - ADDED ENTRY ELEMENTS (KOHA)
Suppress in OPAC 0
Holdings
Withdrawn status Lost status Source of classification or shelving scheme Damaged status Not for loan Home library Current library Shelving location Date acquired Total Checkouts Full call number Barcode Date last seen Copy number Price effective from Koha item type
    Dewey Decimal Classification     London London Books 23/05/2007   711.52 MCC 30073893 06/08/2019 1 06/08/2019 Book